Culture Générale - Série 1874 - Statistiques

Statistiques générales
  • Ce quiz a été pris 73 fois
  • Le résultat moyen est 2 sur 10
Statistiques - réponses
Question Réponse % Correct
Victor Hugo avait dit en parlant d'une ville française "la ville aux cent clochers". Quelle est cette ville ? Rouen
52%
Dans quel pays européen se trouve la ville d'Elseneur ? Danemark
46%
Quel fleuve arrose la ville française de Givet ? Meuse
37%
Quel nom donne-t-on à une maison de campagne provençale, généralement isolée ? bastide
27%
Ce poisson du lac Léman est appelé également corégone. féra
10%
Quel était le prénom du peintre russe Soutine (1893-1943) ? Chaïm
7%
Quel nom donne-t-on à un blé tendre ? froment
7%
Quel terme maritime qualifie la période pendant laquelle la marée est descendante ? jusant
7%
Quel prénom féminin d'origine latine donne-t-on également au poisson appelé "lingue bleue" ? voir photo Julienne
6%
Quelle petite ville du département des Ardennes était appelée autrefois« la cité de l'ardoise » ? Fumay
1%
Aucun quiz correspondant
Distribution des résultats
% des personnes avec chaque résultat
Percentile par nombre de réponses
Votre historique - résultats
Vous n’avez pas pris ce quiz